00482nam a2200169 a 4500001001000000003000900010005001700019007000300036008003800039020001800077040002500095082001700120100003300137245007500170260003900245300002800284000046016DO-SdBNP20211005095018.0ta150611s 2012 dr a 000 0 spa d a9789945131567 aDO-SdBNPbspacBNPHU 4aBNPHUbH558d1 aHernández Fortuna, Arsenio13aLa defensa de la soberanía nacional. /cArsenio Hernández Fortuna. aSanto Domingo :bMediabyte,c2012. a162 p. :bil. ;c22 cm.